[Event "Carnaval"]
[Site "Quebec CAN"]
[Date "2010.01.30"]
[Round "3"]
[White "Rainfray, Arnaud"]
[Black "Bolduc, Steve"]
[Result "1-0"]
[WhiteElo "2367"]
[BlackElo "2320"]
[PlyCount "69"]
[EventDate "2010.01.29"]
[EventType "swiss"]
[EventRounds "5"]
[EventCountry "CAN"]

1. e4 g6 2. d4 Bg7 3. c3 c6 4. f4 d5 5. e5 h5 6. Nf3 Bg4 7. h3 Bxf3 8. Qxf3 e6
9. Bd3 Nh6 10. Be3 Nf5 11. Bf2 h4 12. Nd2 Nd7 13. O-O Bf8 14. Rfd1 Qb6 15. Rab1
Be7 16. Kh2 a5 17. Qe2 a4 18. Nf3 Qa5 19. Qe1 b5 20. Bxf5 gxf5 21. Bxh4 Bxh4
22. Nxh4 Nf8 23. b3 Qd8 24. Nf3 Ng6 25. Qe3 axb3 26. axb3 Ra3 27. Qc1 Ra2 28.
Rd2 Ra7 29. Rc2 f6 30. exf6 Qxf6 31. c4 Nh4 32. Nxh4 Qxh4 33. cxd5 Rg7 34. Qe3
Kd8 35. dxc6 1-0

[Event "Carnaval"]
[Site "Quebec CAN"]
[Date "2010.01.31"]
[Round "4"]
[White "Bolduc, Steve"]
[Black "Larochelle, Martial"]
[Result "0-1"]
[WhiteElo "2320"]
[BlackElo "2150"]
[PlyCount "88"]
[EventDate "2010.01.29"]
[EventType "swiss"]
[EventRounds "5"]
[EventCountry "CAN"]

1. c4 Nf6 2. Nf3 g6 3. Nc3 Bg7 4. e4 d6 5. d4 O-O 6. Be2 e5 7. O-O Nc6 8. d5
Ne7 9. b4 Nh5 10. Re1 a5 11. bxa5 Rxa5 12. a4 b6 13. Ba3 Nf4 14. Bf1 Bg4 15. h3
Bxf3 16. Qxf3 Qd7 17. Bb4 Raa8 18. Nb5 f5 19. a5 bxa5 20. Rxa5 fxe4 21. Qxe4
Rxa5 22. Bxa5 c6 23. dxc6 Nxc6 24. Bc7 Rf6 25. g3 Ne6 26. Qd5 Ncd4 27. Nxd4
exd4 28. Bxd6 Kh8 29. Be5 Qxd5 30. cxd5 Ng5 31. Bg2 Ra6 32. Bxg7+ Kxg7 33. Rd1
Ra4 34. Kf1 Kf6 35. Ke2 Nf7 36. Rd2 g5 37. Rb2 Ke5 38. Kd1 d3 39. Kc1 Kd4 40.
Kb1 Nd6 41. Rb8 Nc4 42. d6 Kc3 43. Rc8 Rb4+ 44. Ka1 Kc2 0-1

[Event "Carnaval"]
[Site "Quebec CAN"]
[Date "2010.01.31"]
[Round "5"]
[White "Rainfray, Arnaud"]
[Black "Larochelle, Martial"]
[Result "1-0"]
[WhiteElo "2368"]
[BlackElo "2161"]
[PlyCount "79"]
[EventDate "2010.01.29"]
[EventType "swiss"]
[EventRounds "5"]
[EventCountry "CAN"]

1. e4 c5 2. Nf3 d6 3. c3 Nf6 4. Be2 g6 5. O-O Bg7 6. Bb5+ Bd7 7. Bxd7+ Nbxd7 8.
Re1 e5 9. d4 exd4 10. cxd4 O-O 11. Nc3 Re8 12. e5 dxe5 13. dxe5 Ng4 14. Bg5 Qc7
15. Nd5 Qc6 16. Ne7+ Rxe7 17. Bxe7 Ngxe5 18. Nxe5 Bxe5 19. Qd2 Bd4 20. Rac1 Qd5
21. b4 b6 22. Bg5 Ne5 23. Be3 Rd8 24. bxc5 bxc5 25. Qe2 Nc6 26. Qc4 Qf5 27.
Bxd4 Nxd4 28. h3 Rd5 29. Rcd1 h5 30. a4 Rd6 31. Rb1 Rf6 32. Rb2 Qg5 33. Qc1 Qd5
34. Qh6 Qd8 35. Qg5 Kg7 36. Qxc5 Qd7 37. Rb8 Ne6 38. Qc8 Qxc8 39. Rxc8 Rf5 40.
Re4 1-0

[Event "Charlesbourg CC ch"]
[Site "Charlesbourg CAN"]
[Date "2010.04.19"]
[Round "?"]
[White "Poliquin, Yvon"]
[Black "Fecteau, Martin"]
[Result "1-0"]
[WhiteElo "1989"]
[BlackElo "1985"]
[PlyCount "48"]
[EventDate "2010.03.22"]
[EventType "tourn"]
[EventRounds "5"]
[EventCountry "CAN"]

1. e4 e6 2. d4 d5 3. exd5 exd5 4. c4 Nf6 5. Nc3 Be7 6. Bd3 dxc4 7. Bxc4 O-O 8.
h3 Nbd7 9. Nf3 Nb6 10. Bb3 Nbd5 11. O-O c6 12. Bc2 h6 13. Re1 Bd6 14. Ne5 Nb4
15. Bb1 Be6 16. a3 c5 17. Ne4 Nxe4 18. Rxe4 f5 19. Re2 cxd4 20. Nf3 Rc8 21. Rc2
Kh8 22. Nxd4 Bg8 23. Rxc8 Qxc8 24. Nxf5 Bb8 1-0

[Event "Charlesbourg CC ch"]
[Site "Charlesbourg CAN"]
[Date "2010.03.22"]
[Round "1"]
[White "Lessard, Claude"]
[Black "Fecteau, Martin"]
[Result "0-1"]
[WhiteElo "2119"]
[BlackElo "1980"]
[PlyCount "58"]
[EventDate "2010.03.22"]
[EventType "tourn"]
[EventRounds "5"]
[EventCountry "CAN"]

1. e4 e6 2. d4 d5 3. Nc3 Nf6 4. Bg5 Be7 5. e5 Nfd7 6. h4 O-O 7. Nf3 f6 8. exf6
Nxf6 9. Bd3 c5 10. dxc5 Bxc5 11. Qe2 Nc6 12. O-O-O Qa5 13. Bxf6 Rxf6 14. Bxh7+
Kxh7 15. Ng5+ Kh6 16. Qd2 Rxf2 17. Nf7+ Kg6 18. Qg5+ Kxf7 19. Rhf1 Kg8 20. Rxf2
Bxf2 21. Rf1 Qc5 22. Nd1 Bd4 23. Qg6 Qe7 24. h5 Bd7 25. h6 Rf8 26. Rh1 Qf6 27.
h7+ Kh8 28. Qd3 e5 29. Qb5 Bg4 0-1

[Event "Charlesbourg CC ch"]
[Site "Charlesbourg CAN"]
[Date "2010.03.22"]
[Round "1"]
[White "Poliquin, Yvon"]
[Black "Beaudoin, Stephane"]
[Result "0-1"]
[WhiteElo "1989"]
[BlackElo "2087"]
[PlyCount "92"]
[EventDate "2010.03.22"]
[EventType "tourn"]
[EventRounds "5"]
[EventCountry "CAN"]

1. e4 g6 2. d4 Bg7 3. Nf3 Nf6 4. e5 Nd5 5. Bc4 c6 6. Bb3 b5 7. O-O O-O 8. Re1
Nb6 9. Nbd2 a5 10. a3 Na6 11. Qe2 a4 12. Ba2 b4 13. Ne4 Rb8 14. Bd2 Nd5 15. Bc4
Qb6 16. h3 Nac7 17. Nc5 bxa3 18. bxa3 Qa7 19. Rab1 Rxb1 20. Rxb1 d6 21. Ne4
dxe5 22. dxe5 Bf5 23. g4 Bd7 24. Kg2 Rb8 25. Qe1 Ne6 26. Neg5 Nxg5 27. Nxg5
Rxb1 28. Qxb1 Bxe5 29. Nf3 Bg7 30. Bg5 Be6 31. Qd1 Qc5 32. Qd3 h6 33. Bxd5 Bxd5
34. Be3 Qd6 35. Bc1 e5 36. Qe3 f5 37. Kg1 fxg4 38. hxg4 Be6 39. Bb2 Qd1+ 40.
Ne1 Qxg4+ 41. Kh2 Bd5 42. f3 Qf5 43. Nd3 Bxf3 44. Nxe5 Qxc2+ 45. Kg3 Qg2+ 46.
Kf4 g5+ 0-1

[Event "Charlesbourg CC ch"]
[Site "Charlesbourg CAN"]
[Date "2010.03.22"]
[Round "1"]
[White "Tremblay, Rejean"]
[Black "Perron, Jonathan"]
[Result "1-0"]
[WhiteElo "2241"]
[BlackElo "1985"]
[PlyCount "59"]
[EventDate "2010.03.22"]
[EventType "tourn"]
[EventRounds "5"]
[EventCountry "CAN"]

1. d4 Nf6 2. c4 e6 3. Nc3 Bb4 4. e3 c5 5. Nge2 Nc6 6. d5 Ne7 7. a3 Ba5 8. Rb1
Bxc3+ 9. Nxc3 O-O 10. d6 Nc6 11. e4 h6 12. Be3 Qa5 13. Bd3 Ne5 14. f4 Nxd3+ 15.
Qxd3 Ng4 16. Bd2 Qd8 17. O-O b6 18. Qf3 h5 19. h3 Nh6 20. f5 Kh7 21. e5 Rb8 22.
Qxh5 exf5 23. Bxh6 gxh6 24. Qxf5+ Kh8 25. Ne4 Rg8 26. Qh5 Rg6 27. e6 Rxe6 28.
Rxf7 Qg8 29. Nf6 Qg5 30. Rh7# 1-0

[Event "Charlesbourg CC ch"]
[Site "Charlesbourg CAN"]
[Date "2010.03.29"]
[Round "2"]
[White "Fecteau, Martin"]
[Black "Beaudoin, Stephane"]
[Result "0-1"]
[WhiteElo "1980"]
[BlackElo "2087"]
[PlyCount "80"]
[EventDate "2010.03.22"]
[EventType "tourn"]
[EventRounds "5"]
[EventCountry "CAN"]

1. d4 Nf6 2. c4 g6 3. Nc3 Bg7 4. e4 d6 5. Nf3 O-O 6. Be2 b6 7. O-O Bb7 8. Qc2
Nc6 9. Rd1 Re8 10. a3 e5 11. dxe5 Nxe5 12. Bg5 h6 13. Bh4 g5 14. Bg3 Nxf3+ 15.
Bxf3 g4 16. e5 gxf3 17. exf6 Qxf6 18. Nd5 Bxd5 19. cxd5 Re7 20. Rab1 Rae8 21.
Qc4 Qf5 22. gxf3 Qxf3 23. Qf4 Qxf4 24. Bxf4 Re4 25. Bg3 f5 26. f3 Re2 27. b3
Rc2 28. Re1 Rxe1+ 29. Rxe1 Kf7 30. Rd1 Bb2 31. a4 a5 32. Bf4 Rc3 33. Rd4 Ba3
34. Rc4 Bc5+ 35. Kg2 Rxb3 36. Bxh6 Rb2+ 37. Kg3 Rb4 38. Rf4 Kg6 39. Rxb4 axb4
40. Bd2 b3 0-1

[Event "Charlesbourg CC ch"]
[Site "Charlesbourg CAN"]
[Date "2010.03.29"]
[Round "2"]
[White "Lessard, Claude"]
[Black "Tremblay, Rejean"]
[Result "0-1"]
[WhiteElo "2119"]
[BlackElo "2241"]
[PlyCount "49"]
[EventDate "2010.03.22"]
[EventType "tourn"]
[EventRounds "5"]
[EventCountry "CAN"]

1. e4 c5 2. Nf3 d6 3. d4 cxd4 4. Nxd4 Nf6 5. Nc3 a6 6. Bc4 e6 7. O-O Be7 8. Be3
O-O 9. f3 Qc7 10. Bb3 Nc6 11. Qe1 Na5 12. Qf2 Nc4 13. Bxc4 Qxc4 14. Rad1 b5 15.
Rd2 Bd7 16. Rfd1 b4 17. e5 Qxa2 18. b3 Qa5 19. g4 h6 20. h4 Nh7 21. g5 f6 22.
gxf6 gxf6 23. Qh2 Rad8 24. Bf2 Qxe5 25. Ne4 0-1

[Event "Charlesbourg CC ch"]
[Site "Charlesbourg CAN"]
[Date "2010.03.29"]
[Round "2"]
[White "Perron, Jonathan"]
[Black "Poliquin, Yvon"]
[Result "0-1"]
[WhiteElo "1985"]
[BlackElo "1989"]
[PlyCount "66"]
[EventDate "2010.03.22"]
[EventType "tourn"]
[EventRounds "5"]
[EventCountry "CAN"]

1. e4 c5 2. Nf3 g6 3. c4 Bg7 4. d4 cxd4 5. Nxd4 Nc6 6. Be3 Nf6 7. Nc3 d6 8. Be2
O-O 9. O-O Nxd4 10. Bxd4 Be6 11. Bd3 Nd7 12. Bxg7 Kxg7 13. Nd5 Ne5 14. Rc1 Rc8
15. Bb1 Kg8 16. b3 Bxd5 17. exd5 Qb6 18. Qd2 f5 19. Rce1 Rf7 20. Kh1 f4 21. f3
a5 22. Re4 Rcf8 23. Qe1 Qc5 24. Qh4 b5 25. Rd1 bxc4 26. bxc4 Qa3 27. Qg5 Qc3
28. Rde1 Rb8 29. h4 Rb2 30. h5 Nxf3 31. Qg4 Nxe1 32. hxg6 hxg6 33. Re6 Qh8+ 0-1

[Event "Charlesbourg CC ch"]
[Site "Charlesbourg CAN"]
[Date "2010.04.05"]
[Round "3"]
[White "Beaudoin, Stephane"]
[Black "Perron, Jonathan"]
[Result "1/2-1/2"]
[WhiteElo "2087"]
[BlackElo "1985"]
[PlyCount "125"]
[EventDate "2010.03.22"]
[EventType "tourn"]
[EventRounds "5"]
[EventCountry "CAN"]

1. e4 c5 2. Nf3 Nc6 3. d4 cxd4 4. Nxd4 e5 5. Nb5 a6 6. Nd6+ Bxd6 7. Qxd6 Qf6 8.
Qd1 Qg6 9. Nc3 d5 10. Nxd5 Qxe4+ 11. Ne3 Nge7 12. Qd3 Qh4 13. Bd2 O-O 14. Qc4
Qf6 15. Bd3 Nd4 16. O-O b5 17. Qc5 Bb7 18. f4 e4 19. Bc3 Rfd8 20. Bxd4 Qxd4 21.
Qxd4 Rxd4 22. Be2 Rd2 23. Kf2 Nc6 24. Rfd1 Rad8 25. Ke1 Rxd1+ 26. Rxd1 Rxd1+
27. Kxd1 Nb4 28. g3 Nd5 29. Nf5 g6 30. Nd6 Bc6 31. Kd2 Kf8 32. Nxe4 Nxf4 33.
gxf4 Bxe4 34. a4 bxa4 35. Bxa6 Bc6 36. Kc3 h6 37. Kd4 g5 38. Ke5 Ke7 39. fxg5
hxg5 40. Bc8 f6+ 41. Kf5 Bf3 42. Ba6 Bc6 43. c4 Bd7+ 44. Kg6 Be8+ 45. Kf5 Bd7+
46. Ke4 Kd6 47. Kd4 f5 48. Bb7 f4 49. c5+ Kc7 50. Be4 g4 51. Ke5 g3 52. hxg3
fxg3 53. Kf4 Bc6 54. Kxg3 Bxe4 55. Kf4 Bc2 56. Ke5 Kc6 57. Kd4 Bb3 58. Kc3 Kxc5
59. Kd2 Ba2 60. Kc2 Kc4 61. b3+ axb3+ 62. Kb2 Kb4 63. Ka1 1/2-1/2

[Event "Charlesbourg CC ch"]
[Site "Charlesbourg CAN"]
[Date "2010.04.05"]
[Round "3"]
[White "Poliquin, Yvon"]
[Black "Lessard, Claude"]
[Result "1-0"]
[WhiteElo "1989"]
[BlackElo "2119"]
[PlyCount "101"]
[EventDate "2010.03.22"]
[EventType "tourn"]
[EventRounds "5"]
[EventCountry "CAN"]

1. e4 c6 2. d4 d5 3. exd5 cxd5 4. Bd3 Nf6 5. c3 Nc6 6. Bf4 e6 7. Nf3 Bd6 8.
Bxd6 Qxd6 9. O-O O-O 10. Re1 g6 11. Ne5 Nh5 12. Qg4 Nxe5 13. Rxe5 Ng7 14. Qe2
Bd7 15. Nd2 a6 16. g3 b5 17. Nb3 Rae8 18. f4 b4 19. Rd1 bxc3 20. bxc3 a5 21.
Nc5 Rb8 22. a4 Rfc8 23. Qf1 Rb6 24. Rb1 Rxb1 25. Bxb1 Rb8 26. Bd3 Be8 27. Re2
f6 28. Qe1 Bf7 29. Bb5 Qd8 30. Bd7 e5 31. fxe5 fxe5 32. Rxe5 Rb2 33. Re2 Rxe2
34. Qxe2 Qg5 35. Qe1 h5 36. h4 Qd8 37. Qd2 Qb6 38. Qc1 Qf6 39. Kg2 Nf5 40. Bxf5
Qxf5 41. Qd2 Qb1 42. Kh2 Qf1 43. Qe3 Qb1 44. Qd2 Qf1 45. Nd3 Kg7 46. Nf4 Qa1
47. Qc2 Be8 48. Qe2 Bf7 49. Qe7 Qxa4 50. Ne6+ Kg8 51. Qf8+ 1-0

[Event "Charlesbourg CC ch"]
[Site "Charlesbourg CAN"]
[Date "2010.04.05"]
[Round "3"]
[White "Tremblay, Rejean"]
[Black "Fecteau, Martin"]
[Result "1-0"]
[WhiteElo "2241"]
[BlackElo "1980"]
[PlyCount "42"]
[EventDate "2010.03.22"]
[EventType "tourn"]
[EventRounds "5"]
[EventCountry "CAN"]

1. e4 e6 2. d4 d5 3. Nd2 Nf6 4. e5 Nfd7 5. f4 c5 6. c3 Nc6 7. Ndf3 Be7 8. g3
O-O 9. Kf2 f6 10. Kg2 fxe5 11. fxe5 c4 12. Nh3 Rf5 13. Nf4 Nf8 14. h4 h6 15.
Kg1 Qb6 16. Bh3 Rxe5 17. Nxe5 Nxe5 18. Kg2 h5 19. Rf1 Nh7 20. Qc2 Bd7 21. Bxe6+
Kh8 1-0

[Event "Charlesbourg CC ch"]
[Site "Charlesbourg CAN"]
[Date "2010.04.12"]
[Round "4"]
[White "Fecteau, Martin"]
[Black "Perron, Jonathan"]
[Result "0-1"]
[WhiteElo "1980"]
[BlackElo "1985"]
[PlyCount "82"]
[EventDate "2010.03.22"]
[EventType "tourn"]
[EventRounds "5"]
[EventCountry "CAN"]

1. e4 c5 2. Nf3 d6 3. d4 cxd4 4. Nxd4 Nf6 5. Nc3 a6 6. Bc4 e6 7. Bb3 b5 8. a3
Be7 9. O-O O-O 10. Qf3 Qc7 11. Qg3 Bd7 12. Bh6 Ne8 13. Be3 Bf6 14. f4 Nc6 15.
Qf2 g6 16. Rad1 Bg7 17. Nxc6 Qxc6 18. Bd4 Nf6 19. Rfe1 e5 20. fxe5 dxe5 21. Bb6
Rab8 22. Ba5 Be6 23. Nd5 Bxd5 24. exd5 Qd7 25. h3 Nh5 26. Bd2 Rfe8 27. Re4 Nf6
28. Re3 Qc7 29. Rc3 Qb7 30. Qf3 e4 31. Qf1 Nh5 32. Be3 Ng3 33. Qf2 Bxc3 34.
bxc3 Nf5 35. d6 Nxe3 36. d7 Rf8 37. Qxe3 Rbd8 38. Qd4 e3 39. Kf1 e2+ 40. Kxe2
Qxg2+ 41. Ke1 Rde8+ 0-1

[Event "Charlesbourg CC ch"]
[Site "Charlesbourg CAN"]
[Date "2010.04.12"]
[Round "4"]
[White "Tremblay, Rejean"]
[Black "Poliquin, Yvon"]
[Result "1-0"]
[WhiteElo "2241"]
[BlackElo "1989"]
[PlyCount "73"]
[EventDate "2010.03.22"]
[EventType "tourn"]
[EventRounds "5"]
[EventCountry "CAN"]

1. c4 Nf6 2. Nc3 e5 3. Nf3 Nc6 4. Qc2 d5 5. cxd5 Nxd5 6. g3 Be6 7. Bg2 Be7 8.
a3 O-O 9. O-O Qd7 10. d3 h6 11. Bd2 Nxc3 12. bxc3 Bh3 13. Rfb1 Bxg2 14. Kxg2
Rab8 15. Rb2 Qe6 16. Rab1 b6 17. a4 a5 18. Rb5 Rbd8 19. Be3 Kh8 20. Qb3 Qxb3
21. Nd2 Kg8 22. g4 Rd6 23. Kh1 Rg6 24. Rg1 Re6 25. Ne4 f6 26. f3 Kh7 27. d4
exd4 28. cxd4 Nb4 29. d5 Rxe4 30. fxe4 Bd6 31. Bd2 Be5 32. Rg3 Kg6 33. Rxb3 Rg8
34. Ra3 Rb8 35. Rxb6 Kf7 36. Rb3 h5 37. gxh5 1-0

[Event "December op"]
[Site "Grande Prairie CAN"]
[Date "2010.12.11"]
[Round "1"]
[White "Pradzinski, Tim"]
[Black "Miller, David"]
[Result "1-0"]
[WhiteElo "1945"]
[BlackElo "1898"]
[PlyCount "49"]
[EventDate "2010.12.11"]
[EventType "swiss"]
[EventRounds "3"]
[EventCountry "CAN"]

1. e4 c5 2. Nf3 d6 3. d4 cxd4 4. Nxd4 Nf6 5. Nc3 a6 6. Bg5 e6 7. f4 Nbd7 8. Qf3
Qc7 9. Bd3 b5 10. O-O-O Bb7 11. Rhe1 Qb6 12. Nb3 b4 13. Ne2 O-O-O 14. Ned4 Be7
15. Qe2 h6 16. Bh4 e5 17. Nf5 Bf8 18. Bf2 Qc7 19. Bxa6 g6 20. Bxb7+ Kxb7 21.
Qb5+ Kc8 22. Qa6+ Kb8 23. Nxd6 Bxd6 24. Rxd6 exf4 25. Na5 1-0

[Event "December op"]
[Site "Grande Prairie CAN"]
[Date "2010.12.11"]
[Round "1"]
[White "Redmond, Brian"]
[Black "Caughlin, Wade"]
[Result "0-1"]
[WhiteElo "1502"]
[BlackElo "1935"]
[PlyCount "82"]
[EventDate "2010.12.11"]
[EventType "swiss"]
[EventRounds "3"]
[EventCountry "CAN"]

1. c4 Nf6 2. Nc3 e5 3. e4 Nc6 4. Nge2 Bc5 5. g3 Nb4 6. d3 Ng4 7. d4 Qf6 8. f4
exd4 9. Nd5 Nxd5 10. cxd5 Ne3 11. Bxe3 dxe3 12. Rb1 Bb4+ 13. Nc3 Bxc3+ 14. bxc3
Qxc3+ 15. Ke2 d6 16. Qd3 Bg4+ 17. Kxe3 Qc5+ 18. Qd4 Qa3+ 19. Qd3 Qxa2 20. Qb5+
Bd7 21. Qb3 Qxb3+ 22. Rxb3 b6 23. Bb5 Bxb5 24. Rxb5 Kd7 25. e5 Rhe8 26. Ke4 a5
27. Ra1 a4 28. Kd4 a3 29. Ke4 g6 30. Kd4 Ra4+ 31. Kc3 dxe5 32. Rd1 exf4 33. Kb3
Rae4 34. Kxa3 f3 35. d6 Re3+ 36. Rb3 Rxb3+ 37. Kxb3 cxd6 38. Rd2 Re2 39. Rd1 f2
40. Kc3 Ke6 41. Kd3 Re1 0-1

[Event "December op"]
[Site "Grande Prairie CAN"]
[Date "2010.12.11"]
[Round "2"]
[White "Caughlin, Wade"]
[Black "Pradzinski, Tim"]
[Result "1-0"]
[WhiteElo "1935"]
[BlackElo "1945"]
[PlyCount "63"]
[EventDate "2010.12.11"]
[EventType "swiss"]
[EventRounds "3"]
[EventCountry "CAN"]

1. e4 c5 2. Nf3 d6 3. d4 cxd4 4. Nxd4 Nf6 5. Nc3 a6 6. Bg5 e6 7. f4 Be7 8. Qf3
Qc7 9. O-O-O Nbd7 10. g4 b5 11. Bxf6 Nxf6 12. g5 Nd7 13. f5 Bxg5+ 14. Kb1 Ne5
15. Qh5 Be3 16. Nxe6 Bxe6 17. fxe6 Rc8 18. exf7+ Nxf7 19. Bh3 O-O 20. Bxc8 Rxc8
21. Qe2 Bh6 22. Nd5 Qb7 23. Qg4 Kh8 24. Rhf1 Rf8 25. Qe6 g6 26. Ne7 Bg5 27. Rf6
Kg7 28. Rdf1 Ne5 29. Rxf8 Qxe7 30. Qxe7+ Bxe7 31. Ra8 a5 32. Ra7 1-0

[Event "December op"]
[Site "Grande Prairie CAN"]
[Date "2010.12.11"]
[Round "2"]
[White "Deimert, Elroy"]
[Black "Roy, Jim"]
[Result "0-1"]
[WhiteElo "1679"]
[BlackElo "1921"]
[PlyCount "66"]
[EventDate "2010.12.11"]
[EventType "swiss"]
[EventRounds "3"]
[EventCountry "CAN"]

1. e4 c6 2. d4 d5 3. exd5 cxd5 4. Nf3 Nf6 5. Bd3 Bg4 6. Bf4 Nc6 7. c3 e6 8.
Nbd2 Be7 9. Qa4 O-O 10. Bb5 Qb6 11. b4 a5 12. Bxc6 axb4 13. Qb5 Qxc6 14. Qxc6
bxc6 15. cxb4 Bxb4 16. O-O c5 17. dxc5 Bxc5 18. h3 Bf5 19. Be5 Ne4 20. Nb3 Ba3
21. g4 Bg6 22. h4 f6 23. Bd4 e5 24. Be3 Rfc8 25. Bc1 Bb4 26. Bb2 Rc2 27. Rfb1
Nxf2 28. Bxe5 Nh3+ 29. Kh1 fxe5 30. Rc1 Rxc1+ 31. Nxc1 Bc3 32. Rb1 Bxb1 33. Ne2
Bb2 0-1

[Event "December op"]
[Site "Grande Prairie CAN"]
[Date "2010.12.11"]
[Round "3"]
[White "Pradzinski, Tim"]
[Black "Roy, Jim"]
[Result "1-0"]
[WhiteElo "1945"]
[BlackElo "1921"]
[PlyCount "79"]
[EventDate "2010.12.11"]
[EventType "swiss"]
[EventRounds "3"]
[EventCountry "CAN"]

1. e4 c6 2. d4 d5 3. exd5 cxd5 4. Nf3 Nf6 5. h3 Nc6 6. Bb5 Qa5+ 7. Nc3 Ne4 8.
Bd2 Nxc3 9. Bxc6+ bxc6 10. Bxc3 Qa6 11. Qe2 Qxe2+ 12. Kxe2 Ba6+ 13. Ke3 e6 14.
Ne5 c5 15. f4 f6 16. Nd3 Bxd3 17. Kxd3 cxd4 18. Bxd4 Bd6 19. Rhe1 Kd7 20. g3 h5
21. Re3 h4 22. Rf1 a6 23. g4 Rhf8 24. Rfe1 Rae8 25. Rf3 g5 26. fxg5 e5 27. Rxf6
Rxf6 28. gxf6 exd4 29. Rxe8 Kxe8 30. Kxd4 Kf7 31. Kxd5 Bf4 32. b4 Kxf6 33. c4
Bd2 34. b5 a5 35. c5 Ke7 36. Kc6 Be3 37. b6 Kd8 38. b7 Bf4 39. g5 Ke7 40. Kb6
1-0

[Event "Defi Nez Rouge"]
[Site "Gatineau CAN"]
[Date "2010.11.23"]
[Round "1"]
[White "Desjardins, Michel"]
[Black "Gagnon, Fabien"]
[Result "1/2-1/2"]
[WhiteElo "1929"]
[BlackElo "1997"]
[PlyCount "103"]
[EventDate "2010.11.23"]
[EventType "swiss"]
[EventRounds "5"]
[EventCountry "CAN"]

1. e4 d5 2. exd5 Nf6 3. d4 Bg4 4. Be2 Bxe2 5. Qxe2 Qxd5 6. Nf3 Nc6 7. c4 Qf5 8.
O-O O-O-O 9. d5 Nb4 10. a3 Nd3 11. Be3 Nf4 12. Bxf4 Qxf4 13. Ne5 Nxd5 14. cxd5
Rxd5 15. Qg4+ Qxg4 16. Nxg4 e6 17. Nc3 Rd2 18. b4 Rd4 19. Ne5 f6 20. Nf3 Rd3
21. Rac1 a5 22. Nb5 c6 23. bxa5 Kb8 24. Nbd4 Rxa3 25. Ra1 e5 26. Ne6 g6 27.
Nxf8 Rxa1 28. Rxa1 Rxf8 29. a6 bxa6 30. Rxa6 Kb7 31. Ra2 c5 32. Nd2 Rd8 33. Kf1
f5 34. f3 Kc6 35. Ke2 Rd7 36. Rc2 Kb5 37. Ke3 g5 38. Rb2+ Kc6 39. Nc4 Re7 40.
Nd2 Kd5 41. g4 fxg4 42. fxg4 Ra7 43. Rb3 Ra2 44. Rd3+ Ke6 45. Rc3 Kd5 46. h3 h6
47. Nb3 c4 48. Nd2 Ra4 49. Ne4 Ra1 50. Nf6+ Kc5 51. Ne4+ Kb4 52. Kd2 1/2-1/2

[Event "Defi Nez Rouge"]
[Site "Gatineau CAN"]
[Date "2010.11.30"]
[Round "2"]
[White "Groleau, Gilles"]
[Black "Gagnon, Fabien"]
[Result "1-0"]
[WhiteElo "1957"]
[BlackElo "1997"]
[PlyCount "43"]
[EventDate "2010.11.23"]
[EventType "swiss"]
[EventRounds "5"]
[EventCountry "CAN"]

1. e4 d5 2. exd5 Nf6 3. d4 Bg4 4. Bb5+ Nbd7 5. f3 Bf5 6. Nc3 a6 7. Ba4 b5 8.
Bb3 Nb6 9. Nge2 Nbxd5 10. Nxd5 Nxd5 11. Ng3 Bg6 12. f4 f5 13. Qf3 c6 14. Bd2 e6
15. O-O-O Be7 16. Rhe1 Bf7 17. Re2 O-O 18. Rde1 Bf6 19. c3 g6 20. Rxe6 Bxe6 21.
Rxe6 Qd7 22. Rxc6 1-0

[Event "Defi Nez Rouge"]
[Site "Gatineau CAN"]
[Date "2010.12.07"]
[Round "3"]
[White "Gagnon, Fabien"]
[Black "Danilov, Alex"]
[Result "0-1"]
[WhiteElo "1997"]
[BlackElo "1895"]
[PlyCount "80"]
[EventDate "2010.11.23"]
[EventType "swiss"]
[EventRounds "5"]
[EventCountry "CAN"]

1. d4 Nf6 2. c4 e6 3. Nc3 Bb4 4. e3 O-O 5. Bd3 Re8 6. e4 d5 7. e5 Ne4 8. Qc2 f5
9. Nge2 c5 10. a3 Bxc3+ 11. bxc3 Nc6 12. cxd5 exd5 13. f3 cxd4 14. fxe4 fxe4
15. cxd4 exd3 16. Qxd3 Bg4 17. Be3 Qa5+ 18. Bd2 Qa4 19. Bc3 Rf8 20. h3 Bf5 21.
Qg3 Qc2 22. Rc1 Qe4 23. Kd2 Bg6 24. Rhg1 a5 25. Qe3 Qh4 26. Rcf1 Qe7 27. Bb2 b5
28. Nf4 Be4 29. Rc1 Rac8 30. g3 a4 31. Rgf1 Na5 32. Ke2 Nc4 33. Qc3 Qe8 34. h4
Rc7 35. Qb4 h6 36. Ne6 Qh5+ 37. Ke1 Rxf1+ 38. Kxf1 Qf3+ 39. Ke1 Qxg3+ 40. Kd1
Qg4+ 0-1

[Event "Defi Nez Rouge"]
[Site "Gatineau CAN"]
[Date "2010.12.14"]
[Round "4"]
[White "Arsenault, Michel"]
[Black "Gagnon, Fabien"]
[Result "0-1"]
[WhiteElo "1854"]
[BlackElo "1997"]
[PlyCount "114"]
[EventDate "2010.11.23"]
[EventType "swiss"]
[EventRounds "5"]
[EventCountry "CAN"]

1. c4 e5 2. g3 Nf6 3. Bg2 d5 4. cxd5 Nxd5 5. Nf3 Nc6 6. Nc3 Nb6 7. d3 f6 8. Be3
Be6 9. a3 Qd7 10. Rc1 O-O-O 11. h4 Kb8 12. Ne4 Nd4 13. Nfd2 Bg4 14. Bxd4 Qxd4
15. Nb3 Qxb2 16. Nec5 Bxc5 17. Nxc5 Bxe2 18. Rc2 Bxd1 19. Rxb2 Bg4 20. Bxb7 Bf5
21. a4 a5 22. Ba6 Rd5 23. Rc2 Rd4 24. Bb5 Nd5 25. Ke2 e4 26. dxe4 Bxe4 27. Nxe4
Rxe4+ 28. Kf3 Re7 29. Rhc1 Rd8 30. Rd2 Rd6 31. Rcd1 Re5 32. Kg2 Nc3 33. Rxd6
cxd6 34. Rxd6 Nxb5 35. axb5 Rxb5 36. Rd7 Rb7 37. Rd2 a4 38. Ra2 Ra7 39. Kf3 Kc7
40. Ke4 Kc6 41. Kd4 Kb5 42. Rb2+ Ka5 43. Kc4 Rc7+ 44. Kd3 a3 45. Rb8 Ka4 46.
Ra8+ Kb3 47. Rb8+ Ka2 48. Rb5 Rc1 49. Ra5 Rf1 50. Ke2 Rb1 51. Kd2 Rb2+ 52. Ke1
Kb3 53. Ra8 a2 54. Rb8+ Kc3 55. Rc8+ Kd4 56. Rd8+ Kc5 57. Rc8+ Kd6 0-1

[Event "Defi Nez Rouge"]
[Site "Gatineau CAN"]
[Date "2010.12.21"]
[Round "5"]
[White "Gagnon, Fabien"]
[Black "Guimond, Michel"]
[Result "1-0"]
[WhiteElo "1997"]
[BlackElo "1976"]
[PlyCount "75"]
[EventDate "2010.11.23"]
[EventType "swiss"]
[EventRounds "5"]
[EventCountry "CAN"]

1. d4 c5 2. e4 cxd4 3. Nf3 d6 4. Nxd4 Nf6 5. Nc3 g6 6. Be3 Bg7 7. f3 O-O 8. Qd2
Nc6 9. O-O-O Nxd4 10. Bxd4 Be6 11. Kb1 a6 12. g4 b5 13. g5 Nd7 14. Bxg7 Kxg7
15. h4 Nb6 16. h5 Qc7 17. hxg6 fxg6 18. Qh2 Rh8 19. Qh6+ Kf7 20. Bh3 Bxh3 21.
Qxh3 Raf8 22. f4 Ke8 23. f5 Qd7 24. Rhf1 Nc4 25. Nd5 a5 26. Qc3 gxf5 27. exf5
Rhg8 28. b3 Na3+ 29. Kb2 Rxf5 30. Qxa5 Rxd5 31. Qa8+ Qd8 32. Qxd5 Qa5 33. Qxg8+
Kd7 34. Rd3 b4 35. Re1 Nb5 36. Qe6+ Kc6 37. Qc8+ Kb6 38. Qd8+ 1-0

[Event "Eastern Ontairo op"]
[Site "Ottawa CAN"]
[Date "2010.06.11"]
[Round "1"]
[White "Sambuev, Bator"]
[Black "Doubleday, William"]
[Result "1-0"]
[WhiteElo "2615"]
[BlackElo "2196"]
[PlyCount "35"]
[EventDate "2010.06.11"]
[EventType "swiss"]
[EventRounds "5"]
[EventCountry "CAN"]

1. d4 d5 2. c4 c6 3. Nc3 Nf6 4. Nf3 e6 5. Bg5 Nbd7 6. e3 Qa5 7. Nd2 dxc4 8.
Bxf6 Nxf6 9. Nxc4 Qc7 10. Be2 Bd6 11. e4 e5 12. f4 Bb4 13. fxe5 Nxe4 14. Qb3 a5
15. O-O Be6 16. Nxe4 O-O 17. Ng5 Bd5 18. Qd3 1-0